[Event "I Torneo Città di Biella"]
[Site "Biella ITA"]
[Date "2010.09.26"]
[Round "4.27"]
[White "Briata, Federico"]
[Black "Zannoni, Gianni"]
[Result "1/2-1/2"]
[WhiteElo "1542"]
[BlackElo "1812"]
[PlyCount "73"]
[EventDate "2010.09.24"]

1. e4 d6 2. d4 Nf6 3. Nc3 c6 4. Nf3 Bg4 5. Be2 Nbd7 6. O-O e5 7. dxe5 dxe5 8.
a3 Be7 9. Be3 O-O 10. Qd2 Qc7 11. Rad1 Rad8 12. Qc1 Nc5 13. Bxc5 Bxc5 14. Rxd8
Rxd8 15. Rd1 h6 16. Rxd8+ Qxd8 17. Nxe5 Bxe2 18. Nxe2 Nxe4 19. Nd3 Qf6 20. Qf4
Qxf4 21. Nexf4 Bb6 22. Kf1 g5 23. Ne2 f5 24. Ke1 Kf7 25. f3 Nd6 26. b3 Nb5 27.
a4 Nd4 28. Nxd4 Bxd4 29. Ke2 Kf6 30. g4 a5 31. Kd2 b6 32. c3 Be5 33. Nxe5 Kxe5
34. Ke3 fxg4 35. fxg4 b5 36. h3 Kd5 37. Kd3 1/2-1/2

[Event "I Torneo Città di Biella"]
[Site "Biella ITA"]
[Date "2010.09.26"]
[Round "4.29"]
[White "Pagani, Luca"]
[Black "De Luca, Fabio"]
[Result "1/2-1/2"]
[WhiteElo "1506"]
[BlackElo "1803"]
[PlyCount "98"]
[EventDate "2010.09.24"]

1. e4 c5 2. Nc3 Nc6 3. f4 d6 4. Nf3 g6 5. d3 Bg7 6. Be2 e6 7. O-O Nge7 8. Be3
Nd4 9. Rb1 O-O 10. Qd2 Nec6 11. a3 a6 12. h3 b6 13. Nd1 Bb7 14. c3 Nxe2+ 15.
Qxe2 d5 16. Nf2 d4 17. Bd2 Qd7 18. Rfd1 Rfd8 19. Kh1 f5 20. e5 Ne7 21. c4 Qc6
22. Rg1 b5 23. b3 Rab8 24. Rgc1 Rdc8 25. Nd1 bxc4 26. Rxc4 Qb6 27. b4 Bd5 28.
Rcc1 Qa7 29. Qf2 cxb4 30. Bxb4 Nc6 31. Rb2 Bh6 32. Qh4 Nxb4 33. Rxc8+ Rxc8 34.
Rxb4 Rc1 35. Qxh6 Rxd1+ 36. Ng1 Rd2 37. Nf3 Bxf3 38. gxf3 Qc7 39. Rb1 Rxd3 40.
Rg1 Qb7 41. Kh2 Rxf3 42. Qh4 Qc8 43. Rg2 Rxa3 44. Qe7 Rc3 45. Qa7 d3 46. Kg3
d2+ 47. Kh4 Qd8+ 48. Rg5 d1=Q 49. Qg7+ Kxg7 1/2-1/2

[Event "I Torneo Città di Biella"]
[Site "Biella ITA"]
[Date "2010.09.26"]
[Round "4.30"]
[White "Tolva, Giuseppe"]
[Black "Castaldo, Antonio"]
[Result "1-0"]
[WhiteElo "1803"]
[BlackElo "1705"]
[PlyCount "52"]
[EventDate "2010.09.24"]

1. e4 d6 2. d4 Nf6 3. Bd3 g6 4. Bg5 Bg7 5. f4 Nc6 6. Nf3 Bg4 7. c3 O-O 8. Nbd2
e5 9. fxe5 dxe5 10. d5 Nb8 11. h3 Bxf3 12. Qxf3 Nbd7 13. Bb5 a6 14. Bxd7 Qxd7
15. Bxf6 Qb5 16. Bxg7 Kxg7 17. O-O-O a5 18. h4 f5 19. h5 f4 20. g3 g5 21. h6+
Kh8 22. Rdg1 Qd7 23. gxf4 gxf4 24. Qh5 Rae8 25. Rg7 Qd6 26. Rhg1 Rf6 1-0

[Event "I Torneo Città di Biella"]
[Site "Biella ITA"]
[Date "2010.09.26"]
[Round "4.31"]
[White "Maffeo, Mauro"]
[Black "Forno, Diego"]
[Result "1-0"]
[WhiteElo "1802"]
[BlackElo "1621"]
[PlyCount "67"]
[EventDate "2010.09.24"]

1. d4 Nf6 2. Nf3 e6 3. e3 b6 4. Bd3 Bb7 5. Nbd2 c5 6. b3 Be7 7. O-O d6 8. Bb2
Nbd7 9. c4 a6 10. Qe2 O-O 11. Rae1 Qc7 12. a3 Rfd8 13. Kh1 Bc6 14. e4 cxd4 15.
Nxd4 Bb7 16. b4 Rac8 17. f4 d5 18. cxd5 exd5 19. e5 Ne4 20. Nxe4 dxe4 21. Bxe4
b5 22. Bxb7 Qxb7 23. Qg4 Nb6 24. Nf5 Bf8 25. e6 fxe6 26. Rxe6 Rc2 27. Re7 Qxe7
28. Nxe7+ Kh8 29. Be5 Nc4 30. Qe6 Bxe7 31. Qxe7 Rg8 32. h3 Nxa3 33. Rd1 Rcc8
34. Rd7 1-0

[Event "I Torneo Città di Biella"]
[Site "Biella ITA"]
[Date "2010.09.26"]
[Round "4.32"]
[White "Scagliotti, Guglielmo"]
[Black "Montilli, Vincenzo"]
[Result "1/2-1/2"]
[WhiteElo "1781"]
[BlackElo "1503"]
[PlyCount "98"]
[EventDate "2010.09.24"]

1. e4 c5 2. d4 cxd4 3. c3 dxc3 4. Nxc3 Nc6 5. Nf3 d6 6. Bc4 e6 7. O-O Be7 8.
Qe2 Nf6 9. Rd1 Nd7 10. Bf4 e5 11. Bg3 a6 12. Bd5 Qc7 13. Rac1 Nb6 14. b4 Bg4
15. Bxc6+ bxc6 16. Nd5 Nxd5 17. exd5 Bxf3 18. Qxf3 O-O 19. Rxc6 Qb7 20. Qc3
Rfc8 21. Rc1 Rxc6 22. Qxc6 Rb8 23. Qxb7 Rxb7 24. Rc8+ Bf8 25. a3 Rb5 26. f4
Rxd5 27. fxe5 dxe5 28. Ra8 f5 29. Rxa6 f4 30. Bh4 h6 31. Kf1 g5 32. Bf2 e4 33.
Ke2 e3 34. Be1 h5 35. h3 Kf7 36. a4 g4 37. b5 Rd7 38. b6 Bd6 39. Ra7 Ke6 40.
Rxd7 Kxd7 41. hxg4 hxg4 42. a5 Kc6 43. Kd3 Kb5 44. Ke2 Ka6 45. Bc3 f3+ 46. gxf3
gxf3+ 47. Kxe3 f2 48. Kxf2 Bc5+ 49. Ke2 Bxb6 1/2-1/2

[Event "I Torneo Città di Biella"]
[Site "Biella ITA"]
[Date "2010.09.26"]
[Round "4.33"]
[White "Petrone, Gianmario"]
[Black "Gemelli, Giovanni"]
[Result "1-0"]
[WhiteElo "1766"]
[BlackElo "1500"]
[PlyCount "101"]
[EventDate "2010.09.24"]

1. e4 c5 2. Nf3 Nc6 3. d4 cxd4 4. Nxd4 Nf6 5. Nc3 d6 6. Bc4 e6 7. Be3 Be7 8.
Qe2 Bd7 9. O-O-O a6 10. g4 O-O 11. g5 Ne8 12. f4 b5 13. Bb3 Qc7 14. f5 b4 15.
Na4 Nxd4 16. Bxd4 Bxg5+ 17. Kb1 e5 18. Be3 Bb5 19. Qf2 Bxe3 20. Qxe3 Rb8 21.
Rhg1 Qc6 22. Bd5 Qd7 23. b3 Bxa4 24. bxa4 Qxa4 25. Rg2 Kh8 26. Rdg1 Qd7 27. Rg4
f6 28. Qh6 Rf7 29. Qh3 Nc7 30. Bxf7 Qxf7 31. Rxg7 Qxg7 32. Rxg7 Kxg7 33. Qg3+
Kf7 34. Qb3+ Ke7 35. Qh3 Rh8 36. Qh6 Ne8 37. Qd2 a5 38. Qd5 a4 39. Qb7+ Kd8 40.
Qxb4 Rg8 41. Qa5+ Kd7 42. Qxa4+ Kd8 43. Qa8+ Kd7 44. Qd5 Rg7 45. a4 Nc7 46. Qc4
Kc8 47. Qc6 Rd7 48. c4 Kd8 49. a5 h6 50. a6 Nxa6 51. Qxa6 1-0

[Event "I Torneo Città di Biella"]
[Site "Biella ITA"]
[Date "2010.09.26"]
[Round "4.34"]
[White "Lavino, Stefano"]
[Black "Stefanini, Niccolo'"]
[Result "1/2-1/2"]
[WhiteElo "1755"]
[BlackElo "1488"]
[PlyCount "85"]
[EventDate "2010.09.24"]

1. d4 d5 2. Nf3 Nc6 3. g3 Bf5 4. c3 e6 5. Bg2 Be7 6. O-O Nf6 7. Nbd2 O-O 8. h3
Qd7 9. Nh4 Bg6 10. Nxg6 hxg6 11. Re1 Nb8 12. e4 dxe4 13. Nxe4 Nxe4 14. Bxe4 c6
15. Bg2 Na6 16. Be3 Nc7 17. c4 Rfd8 18. Qb3 Ne8 19. Rad1 Nf6 20. a4 a5 21. Rd3
Ra6 22. Red1 Qc7 23. Bg5 Rb6 24. Qc2 Rb4 25. Bd2 Rd7 26. Bxb4 Bxb4 27. Rc1 Qd8
28. Rcd1 Qc7 29. b3 b6 30. Qe2 Qd8 31. Qf3 Rd6 32. c5 bxc5 33. dxc5 Bxc5 34.
Rxd6 Bxd6 35. Qxc6 Ne8 36. Be4 Qe7 37. Bd3 Bb4 38. Bb5 Nf6 39. h4 Kh7 40. Kg2
Kh6 41. f3 Nd5 42. Kh2 Qa7 43. Rxd5 1/2-1/2

[Event "I Torneo Città di Biella"]
[Site "Biella ITA"]
[Date "2010.09.26"]
[Round "4.35"]
[White "Isoardi, Luigi"]
[Black "Miracola, Giorgia"]
[Result "0-1"]
[WhiteElo "1464"]
[BlackElo "1747"]
[PlyCount "114"]
[EventDate "2010.09.24"]

1. d4 d5 2. Bf4 e6 3. Nf3 c6 4. e3 Nf6 5. h3 Nbd7 6. Bd3 Be7 7. O-O O-O 8. c4
dxc4 9. Bxc4 Nb6 10. Bd3 Bd7 11. Nc3 c5 12. Ne4 cxd4 13. exd4 Bc6 14. Re1 Nbd5
15. Be5 Rc8 16. Qe2 Nb4 17. Nxf6+ Bxf6 18. Be4 Bxe4 19. Qxe4 Nc2 20. Qxb7 Nxe1
21. Rxe1 Bxe5 22. dxe5 Qa5 23. Qb3 Rb8 24. Qc2 h6 25. b3 Rfc8 26. Qe2 Qc3 27.
Rd1 Rd8 28. Re1 Qd3 29. Qb2 a5 30. Qa3 Ra8 31. Rc1 a4 32. Qe7 axb3 33. axb3 Re8
34. Qb4 Rab8 35. Qa4 Qxb3 36. Qd7 Red8 37. Qa7 Rd1+ 38. Rxd1 Qxd1+ 39. Kh2 Qc1
40. Qa4 Rc8 41. Qa6 Qc4 42. Qb7 Qc7 43. Qa6 Qc6 44. Qd3 Qd5 45. Qa6 Ra8 46. Qb6
Qe4 47. Qb2 Rc8 48. Qd2 Rc2 49. Qd8+ Kh7 50. Kg3 Qg6+ 51. Kh2 Rxf2 52. Nh4 Qe4
53. Qb6 Qxe5+ 54. Kg1 Qe1+ 55. Kh2 Rf1 56. g3 Rh1+ 57. Kg2 Qf1# 0-1

[Event "I Torneo Città di Biella"]
[Site "Biella ITA"]
[Date "2010.09.26"]
[Round "4.36"]
[White "Migliorini, Matteo"]
[Black "Giordani, Pierino"]
[Result "1-0"]
[WhiteElo "1742"]
[BlackElo "1365"]
[PlyCount "63"]
[EventDate "2010.09.24"]

1. e4 Nc6 2. d4 e6 3. d5 exd5 4. exd5 Nce7 5. Nf3 Nf6 6. Bc4 d6 7. O-O Bg4 8.
Re1 g6 9. Bg5 Bg7 10. h3 Bd7 11. Qd4 O-O 12. Bxf6 Bxf6 13. Qxf6 Re8 14. Ng5 Rf8
15. Qxe7 h6 16. Qxd8 Raxd8 17. Ne4 Kg7 18. Nbc3 Rde8 19. Nb5 c6 20. Nbxd6 Rb8
21. Nc5 Rfd8 22. Re7 Be8 23. Ne6+ Kf6 24. Rxe8 Rxe8 25. Nxe8+ Rxe8 26. Nc5 b6
27. Nd3 b5 28. Bb3 c5 29. Nxc5 Rc8 30. Ne4+ Ke5 31. Re1 Kf5 32. Nd6+ 1-0

[Event "I Torneo Città di Biella"]
[Site "Biella ITA"]
[Date "2010.09.26"]
[Round "4.37"]
[White "Di Chiara, Mauro"]
[Black "Carraria Martinotti, Ludovico"]
[Result "1-0"]
[WhiteElo "1949"]
[BlackElo "1440"]
[PlyCount "49"]
[EventDate "2010.09.24"]

1. Nf3 d5 2. d4 Nf6 3. c4 c6 4. Nc3 a6 5. cxd5 cxd5 6. Bf4 e6 7. e3 Bd7 8. Bd3
Nc6 9. Rc1 Be7 10. O-O O-O 11. Ne5 Bd6 12. Nxf7 Rxf7 13. Bxd6 Qb6 14. Na4 Qd8
15. Nc5 b5 16. Nxe6 Bxe6 17. Rxc6 Qd7 18. Qc2 h6 19. Bg6 Ne8 20. Bxf7+ Kxf7 21.
Be5 Bf5 22. Qc5 Bd3 23. Rc1 Ra7 24. Bd6 Qf5 25. Qxa7+ 1-0

[Event "I Torneo Città di Biella"]
[Site "Biella ITA"]
[Date "2010.09.26"]
[Round "4.38"]
[White "Squara, Marco"]
[Black "Cerutti, Fabio Maria"]
[Result "1/2-1/2"]
[WhiteElo "1806"]
[BlackElo "1404"]
[PlyCount "43"]
[EventDate "2010.09.24"]

1. d4 d5 2. c4 c6 3. cxd5 cxd5 4. Nc3 Nf6 5. Bf4 e6 6. Nf3 Nc6 7. a3 Bd6 8.
Bxd6 Qxd6 9. e3 a6 10. Bd3 O-O 11. O-O Rd8 12. Re1 e5 13. dxe5 Nxe5 14. Nxe5
Qxe5 15. Be2 d4 16. exd4 Qxd4 17. Bf3 Rb8 18. Qxd4 Rxd4 19. Rad1 Rxd1 20. Rxd1
Bg4 21. Bxg4 Nxg4 22. h3 1/2-1/2

[Event "I Torneo Città di Biella"]
[Site "Biella ITA"]
[Date "2010.09.26"]
[Round "4.40"]
[White "Redamante, Marzio"]
[Black "Caprioglio, Giovanni"]
[Result "0-1"]
[WhiteElo "1440"]
[BlackElo "1455"]
[PlyCount "88"]
[EventDate "2010.09.24"]

1. d4 d5 2. Nf3 c6 3. e3 Bg4 4. Be2 Nd7 5. Nbd2 Ngf6 6. c4 e6 7. O-O Bd6 8.
cxd5 exd5 9. Nb3 Qc7 10. Qc2 Bxf3 11. Bxf3 Bxh2+ 12. Kh1 Bd6 13. Bd2 h5 14. g3
h4 15. Kg2 hxg3 16. Rh1 O-O-O 17. Bc3 gxf2 18. Qxf2 Rde8 19. Rag1 Nb6 20. Ba5
Qe7 21. Re1 Nc4 22. Rxh8 Rxh8 23. Kf1 Nxa5 24. Nxa5 Bb4 25. Nxc6 bxc6 26. Rc1
Kd7 27. a3 Bd6 28. Qc2 Rc8 29. Qf5+ Qe6 30. Qd3 Qh3+ 31. Ke2 Qh2+ 32. Kd1 Qg1+
33. Kd2 Qf2+ 34. Be2 Ne4+ 35. Kd1 Qg3 36. Kc2 c5 37. Qb5+ Ke6 38. Kb1 Qxe3 39.
Rc2 Qxd4 40. Qb7 Rc7 41. Qb3 Nd2+ 42. Rxd2 Qxd2 43. Qh3+ Ke7 44. Qh4+ f6 0-1

[Event "I Torneo Città di Biella"]
[Site "Biella ITA"]
[Date "2010.09.26"]
[Round "4.41"]
[White "Solinas, Giuseppe"]
[Black "Giachino, Adriano"]
[Result "0-1"]
[WhiteElo "1491"]
[BlackElo "1711"]
[PlyCount "42"]
[EventDate "2010.09.24"]

1. e4 c5 2. c3 Nc6 3. d4 cxd4 4. cxd4 g6 5. Nc3 Bg7 6. Nf3 e6 7. Bf4 Nge7 8.
Bd3 O-O 9. e5 Qb6 10. d5 exd5 11. b3 d6 12. Qe2 Bd7 13. Nb5 Nf5 14. Bxf5 Bxf5
15. Nxd6 Nd4 16. Nxd4 Qxd4 17. O-O Qxf4 18. Qb5 Bxe5 19. g3 Qf3 20. Nxf5 Qxf5
21. f4 Bd4+ 0-1

[Event "I Torneo Città di Biella"]
[Site "Biella ITA"]
[Date "2010.09.26"]
[Round "4.42"]
[White "Guderzo, Mirella"]
[Black "Monzeglio, Graziella"]
[Result "1-0"]
[WhiteElo "1512"]
[BlackElo "1218"]
[PlyCount "55"]
[EventDate "2010.09.24"]

1. e4 d5 2. Nc3 Nf6 3. d3 e6 4. Bg5 Be7 5. Be2 O-O 6. Nf3 Nbd7 7. O-O c6 8. Nd2
Qc7 9. g3 h6 10. Bxf6 Nxf6 11. b3 Qa5 12. Ncb1 dxe4 13. Nxe4 Nxe4 14. dxe4 Qe5
15. Nd2 b6 16. Bd3 Bc5 17. Nf3 Qd6 18. Rb1 f5 19. exf5 exf5 20. Qd2 Be6 21.
Rbd1 Rad8 22. Rfe1 Bd5 23. Nh4 g6 24. Qxh6 Bf7 25. Bc4 Qf6 26. Bxf7+ Qxf7 27.
Nxg6 Rxd1 28. Qh8# 1-0